Crepusculares / (Registro nro. 38250)
[ vista simple ]
| 000 -LEADER | |
|---|---|
| campo de control de longitud fija | 00612nam a2200205 i 4500 |
| 001 - NÚMERO DE CONTROL | |
| campo de control | 38250 |
| 003 - IDENTIFICADOR DE NÚMERO DE CONTROL | |
| campo de control | ES-MaACL |
| 005 - FECHA Y HORA DE LA ÚLTIMA TRANSACCIÓN | |
| campo de control | 20230906155727.0 |
| 007 - CAMPO FIJO DE DESCRIPCIÓN FÍSICA--INFORMACIÓN GENERAL | |
| campo de control de longitud fija | t| |
| 008 - DATOS DE LONGITUD FIJA--INFORMACIÓN GENERAL | |
| campo de control de longitud fija | 030225s1894 sp ||||1| spa d |
| 100 1# - ENTRADA PRINCIPAL--NOMBRE DE PERSONA | |
| Nombre de persona | Calé, Emilia. |
| 9 (RLIN) | 33646 |
| 245 10 - MENCIÓN DEL TÍTULO | |
| Título | Crepusculares / |
| Mención de responsabilidad, etc. | Emilia Calé ; con un artículo de Victorino Novo. |
| 260 ## - PUBLICACIÓN, DISTRIBUCIÓN, ETC. | |
| Lugar de publicación, distribución, etc. | La Coruña : |
| Nombre del editor, distribuidor, etc. | [s.n., |
| Fecha de publicación, distribución, etc. | 1894] ( |
| Fabricante | Tip. de la Casa de Misericordia) |
| 300 ## - DESCRIPCIÓN FÍSICA | |
| Extensión | XIV, 249 p. ; |
| Dimensiones | 19 cm. |
| 490 1# - MENCIÓN DE SERIE | |
| Mención de serie | Biblioteca gallega |
| 700 1# - ENTRADA AGREGADA--NOMBRE PERSONAL | |
| Nombre de persona | Novo, Victorino. |
| 9 (RLIN) | 86084 |
| 830 0# - PUNTO DE ACCESO ADICIONAL DE SERIE-TÍTULO UNIFORME | |
| Título uniforme | Biblioteca gallega |
| 9 (RLIN) | 180864 |
| 852 ## - LOCALIZACIÓN | |
| Ubicación | ES-MaACL |
| Número de control de estantería | G-8509 |
| Estatus retirado | Estado de pérdida | Estado de daño | No para préstamo | Colección | Biblioteca de origen | Biblioteca actual | Ubicación en estantería | Fecha de adquisición | Fuente de adquisición | Total de préstamos | Signatura topográfica completa | Código de barras | Visto por última vez | Precio de reemplazo | Tipo de ítem Koha |
|---|---|---|---|---|---|---|---|---|---|---|---|---|---|---|---|
| Libros del s. XIX | Biblioteca del Ateneo de Madrid | Biblioteca del Ateneo de Madrid | Sala Pecera Planta 3 | 17/01/2008 | G-8509 | 1040263 | 23/02/2023 | 23/02/2023 | Libro impreso antiguo |
